| 000 | 00000nam##2200000za#4500 |
| 001 | 9.590279 |
| 003 | CaOODSP |
| 005 | 20210624200041 |
| 007 | cr ||||||||||| |
| 008 | 150406|2009||||xxc|||||o f|0| 0 eng|d |
| 022 | |a1701-1280 |
| 040 | |aCaOODSP|beng |
| 041 | |aeng |
| 041 | |afre |
| 043 | |an-cn--- |
| 086 | 1 |aFs70-4/2009-013-PDF |
| 110 | 1 |aCanada. |bDepartment of Fisheries and Oceans. |
| 245 | 10|aStock assessments on Northern Shrimp in the Estuary and Gulf of St. Lawrence in 2008 : |h[electronic resource]|bJanuary 27th and 28th, 2009, Maurice Lamontagne Institute / |cHugo Bourdages, Meeting Chairperson. |
| 260 | |aMont-Joli - Quebec : |bFisheries and Oceans Canada |cOctober 2009. |
| 300 | |a22p. |
| 490 | 1 |aCanadian Science Advisory Secretariat proceedings series|x1701-1280|v2009/013 |
| 590 | |a14-19-Supp|b2014-11-03 |
| 792 | |tÉvaluation des stocks de crevette du golfe et de l'estuaire du Saint-Laurent en 2008 : |efre|w(CaOODSP)9.590280 |
| 830 | #0|aProceedings series (Canadian Science Advisory Secretariat)|x1701-1280|v2009/013|w(CaOODSP)9.500507 |
| 856 | 40|ahttp://publications.gc.ca|qPDF|s119 KB|uhttps://publications.gc.ca/collections/collection_2014/mpo-dfo/Fs70-4-2009-013.pdf|y2009/013 |